000 00343nam a22001217a 4500
003 SGT
082 _a920
_bP11K
100 _aखान, उषाकिरण
245 _aप्रभावती :एक निष्कम्प दीप
260 _bनेशनल बुक ट्रस्ट
_c2011
300 _a98
942 _2ddc
_cBK
999 _c31968
_d31968